000 00621nam a2200205 i 4500
001 26116
003 ES-MaACL
005 20230906153405.0
007 t|
008 030107s1979 sp ||||1| spa d
100 1 _aArnold, Paul.
_923112
245 1 3 _aEl zen y la tradición japonesa /
_cPaul Arnold ; [Versión por María Teresa Manclean].
260 _a[Bilbao] :
_bMensajero,
_c[1979]
300 _a255 p. :
_bil. ;
_c22 cm.
490 1 _aCómo realizarse
700 1 _aManclean, María Teresa.
_975937
830 0 _aCómo realizarse
_9229159
852 _aES-MaACL
_jA-10590
_bR.99663
999 _c26116
_d26116